000 00537nam a22001937a 4500
003 NUST
005 20230213162709.0
008 190720b ||||| |||| 00| 0 eng d
020 _qHardcover.
038 _aAttaullah.
082 _a658
100 _aSiddique, Asim
_918210
245 _aPerformance Analysis of Cement Companies in Pakistan
_cAsim Siddique.
260 _aIslamabad :
_bNBS - NUST,
_c2015.
300 _a60 p. : ill. ;
_c30cm.
650 _aMBA Thesis.
_917629
700 _aSaadia Irfan.
_918211
942 _2ddc
_cTHE
999 _c527108
_d527108